Адаптивные оптические системы в крупногабаритном телескопостроении

Dades bibliogràfiques
Autor principal: Сычев В. В. Виктор Васильевич
Sumari:Монография посвящена рассмотрению принципов создания и применения средств адаптивной оптики в крупногабаритном телеско-построении.В ней изложены и систематизированы последние исследования в этой области. Рассмотрены факторы, ухудшающие качество оптических систем. Большое внимание уделено выбору и обоснованию принципов построения крупногабаритных телескопов, расчёту адаптивных оптических "систем с учётом искажающих факторов, а также особенностям применения средств адаптивной оптики, юстировке и союстировке крупногабаритных телескопов .с составным главным зеркалом. Даны результаты некоторых экспериментальных исследований в этой области. Материал полезен инженерно-техническим и научным работникам, занятым разработкой и исследованием в области совершенствования оптико-электронных приборов, а также студентам, обучающимся по направлению «Приборостроение и оптотехника».
Idioma:rus
Publicat: Старый Оскол, ТНТ, 2013
Matèries:
Format: MixedMaterials Llibre
KOHA link:https://koha.lib.tpu.ru/cgi-bin/koha/opac-detail.pl?biblionumber=242048

MARC

LEADER 00000nam0a2200000 4500
001 242048
005 20231101231850.0
010 |a 9785941784004 
035 |a (RuTPU)RU\TPU\book\263344 
090 |a 242048 
100 |a 20130822d2013 k y0rusy50 ca 
101 0 |a rus 
102 |a RU 
105 |a a z 001zy 
200 1 |a Адаптивные оптические системы в крупногабаритном телескопостроении  |f В. В. Сычев 
210 |a Старый Оскол  |c ТНТ  |d 2013 
215 |a 464 с.  |c ил. 
320 |a Библиогр.: с. 449-463. 
330 |a Монография посвящена рассмотрению принципов создания и применения средств адаптивной оптики в крупногабаритном телеско-построении.В ней изложены и систематизированы последние исследования в этой области. Рассмотрены факторы, ухудшающие качество оптических систем. Большое внимание уделено выбору и обоснованию принципов построения крупногабаритных телескопов, расчёту адаптивных оптических "систем с учётом искажающих факторов, а также особенностям применения средств адаптивной оптики, юстировке и союстировке крупногабаритных телескопов .с составным главным зеркалом. Даны результаты некоторых экспериментальных исследований в этой области. Материал полезен инженерно-техническим и научным работникам, занятым разработкой и исследованием в области совершенствования оптико-электронных приборов, а также студентам, обучающимся по направлению «Приборостроение и оптотехника». 
606 1 |a Телескопостроение  |2 stltpush  |3 (RuTPU)RU\TPU\subj\72725  |9 86129 
610 1 |a крупногабаритные телескопы 
610 1 |a создание 
610 1 |a адаптивные телескопы 
610 1 |a построение 
610 1 |a конструирование 
610 1 |a адаптивные средства 
610 1 |a экспериментальные образцы 
675 |a 681.78  |v 3 
700 1 |a Сычев  |b В. В.  |g Виктор Васильевич 
801 1 |a RU  |b 63413507  |c 20130822 
801 2 |a RU  |b 63413507  |c 20131025  |g RCR 
942 |c BK 
959 |a 114/20130822  |d 1  |e 300,00  |f ЧЗТЛ:1